| 000 | 01146nam a2200253 a 4500 | ||
|---|---|---|---|
| 001 | 000002651 | ||
| 005 | 20200929150228.0 | ||
| 008 | 090703s1970 dr 000 0 spa d | ||
| 040 |
_aDO-SdBNP _bspa _cBNPHU |
||
| 082 |
_a330.97293 _bB663a |
||
| 100 | 1 |
_aBobadilla, Pedro Álvaro _98356 |
|
| 245 | 1 | 0 |
_aAspectos de la industria y la economía dominicanas en la década del 60 / _cPedro Álvaro Bobadilla ; presentación Ramón Lacay Polanco. |
| 260 |
_aSanto Domingo : _bImprenta Núñez, _c1970. |
||
| 300 |
_a509 p. ; _c22 cm. |
||
| 505 | 1 | _aContiene artículos periodísticos publicados a lo largo de la década del 60 en los diarios La Nación, El Caribe y el Listín Diario. | |
| 590 | _aInventariado, 2018/ YL | ||
| 651 | 4 |
_aRepública Dominicana _xCondiciones Económicas _y1960 _98357 |
|
| 651 | 4 |
_aRepública Dominicana _xPolítica Económica _y1960 _98358 |
|
| 651 | 4 |
_aRepública Dominicana _xIndustrias _y1960 _98359 |
|
| 730 | 3 | 2 |
_aLa Nación (República Dominicana) _98360 |
| 730 | 3 | 2 |
_aEl Caribe (República Dominicana) _93224 |
| 730 | 3 | 2 |
_aListín Diario (República Dominicana) _91199 |
| 910 | _aValidado. Control de calidad MMOLINA | ||
| 999 |
_c2487 _d2487 |
||